Heal thyself : (Record no. 39396)

MARC details
000 -LEADER
fixed length control field 00736nam a22002057a 4500
005 - DATE AND TIME OF LATEST TRANSACTION
control field 20100805120259.0
010 ## - LCCN (DPL NO)
LC control number ENG-98365
020 ## - INTERNATIONAL STANDARD BOOK NUMBER
International Standard Book Number 817621194X
Terms of availability 125.00
020 ## - INTERNATIONAL STANDARD BOOK NUMBER
International Standard Book Number 9788176211949
Terms of availability 125.00
035 ## - SYSTEM CONTROL NUMBER
System control number EN-81898
037 ## - SOURCE OF ACQUISITION
Source of stock number/acquisition DBAD/PUB
082 ## - DEWEY DECIMAL CLASSIFICATION NUMBER
Classification number 615.5
100 ## - MAIN ENTRY--PERSONAL NAME
Personal name Bach, Edward
245 ## - TITLE STATEMENT
Title Heal thyself :
Statement of responsibility, etc by edward Bach
Remainder of title an explantion of the real cause and cure of disease /
260 ## - PUBLICATION, DISTRIBUTION, ETC. (IMPRINT)
Place of publication, distribution, etc New Delhi
Name of publisher, distributor, etc Full Circle
Date of publication, distribution, etc 2008
270 ## - ADDRESS
Address J-40, Jorbagh Lane,
City NewDelhi
Postal code 110003
300 ## - PHYSICAL DESCRIPTION
Extent 92p.
Dimensions 18cm(pbk)
942 ## - ADDED ENTRY ELEMENTS (KOHA)
Source of classification or shelving scheme Dewey Decimal Classification
Item type English Books
Classification part 615.5
Call number suffix BAC
Holdings
Withdrawn status Lost status Not for loan Collection code Home library Current library Date acquired Source of acquisition Cost, normal purchase price Full call number Barcode Copy number Cost, replacement price Koha item type
    Not For Loan Non-fiction D.B.Act.Division D.B.Act.Division 05/08/2010 DBAD/PUB 125.00 615.5 BAC EN-81898 1 125.00 English Books

© Delhi Public Library
Hit Counter
free hit counter